00552nam a22001817a 450000500170000001000430001702000260006003500140008603500190010003700230011903700130014208200160015510000160017124500670018726000360025427000550029030000250034520180616104823.0 a1718EN-30ENG-122038 B-689052-060  a9788126925827c995.00 aEN-105570 aB-689052-060  bAtlantic Pub.adpl bDBAD/PUB a954.0532092 aGupta, K.R. aNarendra Modi : cby K.R. Gupta bvision and accomplishments / aNew DelhibAtlantic Pub. c2017 a7/22, Ansari Road, Darya Ganj, bNew Delhie110002v aviii,468p.c21cm(Hb)